Handbook of integer sequences

Guardado en:
Detalles Bibliográficos
Autor principal: Sloane, N.J.A
Formato: Libro
Lenguaje:inglés
Publicado: New York Academic Press 1973
Etiquetas: Agregar Etiqueta
Sin Etiquetas, Sea el primero en etiquetar este registro!

MARC

LEADER 00000nam a2200000 4500
001 c109439
005 20041019155144.0
041 0 |a eng 
044 |a US 
245 1 0 |a Handbook of integer sequences  |c N.J.A. Sloane 
264 1 |a New York  |b Academic Press  |c 1973 
300 |a 206 s. 
100 1 |a Sloane, N.J.A.